Autonomous Shape and Best Grip Determination for upper limb prosthetics / (Record no. 535281)

000 -LEADER
fixed length control field 00507nam a22001577a 4500
020 ## - INTERNATIONAL STANDARD BOOK NUMBER
Qualifying information Hard Cover.
082 ## - DEWEY DECIMAL CLASSIFICATION NUMBER
Classification number 621
100 ## - MAIN ENTRY--PERSONAL NAME
Personal name Zafar, Saqib
245 ## - TITLE STATEMENT
Title Autonomous Shape and Best Grip Determination for upper limb prosthetics /
Statement of responsibility, etc. Saqib Zafar.
260 ## - PUBLICATION, DISTRIBUTION, ETC.
Place of publication, distribution, etc. Islamabad:
Name of publisher, distributor, etc. CEME NUST,
Date of publication, distribution, etc. 2016.
300 ## - PHYSICAL DESCRIPTION
Extent 66 p. :
Other physical details ill. ;
Dimensions 30cm.
942 ## - ADDED ENTRY ELEMENTS (KOHA)
Source of classification or shelving scheme
Koha item type Thesis
650 ## - SUBJECT ADDED ENTRY--TOPICAL TERM
Topical term or geographic name entry element Mechatronics Engineering MS-Thesis.
700 ## - ADDED ENTRY--PERSONAL NAME
Linkage Dr. Mohsin Islam Tiwana
650 ## - SUBJECT ADDED ENTRY--TOPICAL TERM
-- 16096
Holdings
Withdrawn status Lost status Source of classification or shelving scheme Damaged status Not for loan Permanent Location Current Location Shelving location Date acquired Total Checkouts Full call number Barcode Date last seen Price effective from Koha item type
          Central Library (CL) Central Library (CL) Thesis 09/02/2020   621 CL-T-347 09/02/2020 09/02/2020 Thesis
© 2023 Central Library, National University of Sciences and Technology. All Rights Reserved.